Tvorba Windows Phone aplikácie na modelovanie a simulovanie Petriho sietí na báze cloudových riešení

Uložené v:
Podrobná bibliografia
Hlavný autor: Šúň, Andrej (Autor)
Ďalší autori: Cserba, Csaba (Vedúci práce)
Médium: Rukopis Kniha
Jazyk:Slovak
Vydavateľské údaje: 2015
Predmet:
On-line prístup:http://is.stuba.sk/zp/portal_zp.pl?podrobnosti=107705
Tagy: Pridať tag
Žiadne tagy, Buďte prvý, kto otaguje tento záznam!

MARC

LEADER 00000ntm a22000003a 4500
001 stuzp49380
003 SK-STU
005 20160719153245.5
007 ta
008 150427s2015----xo-----f-mn---000-0-slo-d
040 |a STU  |b slo 
041 0 |a slo 
100 1 |a Šúň, Andrej  |u 035000  |4 aut  |U FEI Fakulta elektrotechniky a informatiky  |T FEI Ústav informatiky a matematiky  |X 5852  |U E050  |Y 816  |7 A000005852 
242 0 1 |a Development of a Windows Phone application for modelling and simulation of Petri nets based on cloud solutions  |y eng 
245 1 0 |a Tvorba Windows Phone aplikácie na modelovanie a simulovanie Petriho sietí na báze cloudových riešení 
260 |c 2015 
300 |a 102 s., príl.  |b CD-ROM 
650 4 |a Petriho sieť  |2 slo 
650 4 |a Windows Phone  |2 slo 
650 4 |a modelovanie  |2 slo 
650 4 |a simulácia  |2 slo 
650 4 |a analýza  |2 slo 
650 4 |a Windows Phone  |2 eng 
650 4 |a modelling  |2 eng 
650 4 |a simulation  |2 eng 
650 4 |a analysis  |2 eng 
650 4 |a Petri nets  |2 eng 
700 1 |a Cserba, Csaba  |4 ths  |X 56721  |7 56721 
856 4 |u http://is.stuba.sk/zp/portal_zp.pl?podrobnosti=107705 
996 |b 284EP11180  |c E*DIPL- 11180  |l EE35  |s P  |a 0  |w stuzp49380_0001 
SQL |a stuzp49380  |b DDP  |c SLO  |d Tvorba Windows Phone aplikácie na modelovanie a simulovanie Petriho sietí na báze cloudových riešení  |e 5852  |f Šúň, Andrej  |g 035000  |h 56721  |i Cserba, Csaba  |j 20150617  |k 359  |l 03  |m http://is.stuba.sk/zp/portal_zp.pl?podrobnosti=107705  |n I-API  |o 9.2.9. aplikovaná informatika